Alle Gemeinden von Ostholstein auf einer Karte - Statistiken

Allgemein
  • Dieses Quiz wurde 35 mal gespielt
  • Das Durchschnittsergebnis liegt bei 15 aus 36
Antworten auf der Karte
Die Antworten werden auf der Karte rot bzw. grün angezeigt, abhängig davon wie oft sie richtig erraten wurden.
 
Antwortstatistiken
Kreis Einwohner Gemeinde % Korrekt
amtsfrei 12.638 Fehmarn
100%
amtsfrei 9.122 Heiligenhafen
82%
amtsfrei 11.351 Scharbeutz
82%
amtsfrei 17.013 Eutin
76%
amtsfrei 9.794 Oldenburg in Holstein
76%
amtsfrei 20.044 Bad Schwartau
71%
amtsfrei 8.712 Timmendorfer Strand
71%
amtsfrei 10.864 Malente
65%
Ostholstein-Mitte 1.583 Sierksdorf
65%
amtsfrei 8.287 Ahrensbök
53%
amtsfrei 7.158 Grömitz
53%
Oldenburg-Land 2.180 Großenbrode
53%
amtsfrei 15.043 Neustadt in Holstein
53%
Lensahn 4.938 Lensahn
47%
Ostholstein-Mitte 2.604 Schönwalde am Bungsberg
47%
Großer Plöner See 3.389 Bosau
41%
amtsfrei 15.148 Ratekau
41%
amtsfrei 5.048 Süsel
41%
amtsfrei 16.998 Stockelsdorf
35%
amtsfrei 1.224 Dahme
29%
Lensahn 615 Damlos
24%
amtsfrei 1.045 Grube
24%
Oldenburg-Land 1.109 Heringsdorf
24%
Lensahn 430 Kabelhorst
24%
Ostholstein-Mitte 1.431 Kasseedorf
24%
amtsfrei 1.125 Kellenhusen
24%
Oldenburg-Land 1.167 Neukirchen
24%
Ostholstein-Mitte 2.129 Schashagen
24%
Oldenburg-Land 2.145 Wangels
24%
Ostholstein-Mitte 1.114 Altenkrempe
18%
Lensahn 525 Beschendorf
18%
Oldenburg-Land 1.118 Göhl
18%
Oldenburg-Land 1.507 Gremersdorf
18%
Lensahn 381 Manhagen
18%
Lensahn 909 Riepsdorf
18%
Lensahn 651 Harmsdorf
12%
Keine übereinstimmenden Quizze gefunden
Verteilung der Resultate
Anzahl Personen mit jedem Resultat
Perzentil nach korrekt beantworteten Fragen
Ihre Resultats-Entwicklung
Sie haben dieses Quiz noch nicht gespielt